Loading...
| Science - Physics | 0 | 11 | 0 | 2 | 110 | 17 | 48.36 | 3 | 8 | 0.00 | 0.00 |
| Philosophy | 0 | 5 | 0 | 1 | 50 | 53 | 74.00 | 1 | 3 | 0.00 | 0.00 |
| Social Science | 0 | 5 | 0 | 4 | 50 | 48 | 76.80 | 0 | 1 | 0.00 | 0.00 |
| History - World | 0 | 5 | 1 | 2 | 45 | 41 | 75.80 | 1 | 1 | 0.00 | 0.00 |
| History - European | 0 | 4 | 0 | 0 | 40 | 10 | 31.50 | 2 | 2 | 0.00 | 0.00 |
| Science - Other | 0 | 5 | 2 | 0 | 40 | 19 | 35.60 | 0 | 4 | 0.00 | 0.00 |
| Current Events | 0 | 3 | 0 | 1 | 30 | 11 | 40.67 | 2 | 3 | 0.00 | 0.00 |
| Geography | 0 | 3 | 0 | 1 | 30 | 37 | 69.00 | 2 | 2 | 0.00 | 0.00 |
| Religion | 0 | 3 | 0 | 0 | 30 | 46 | 60.00 | 0 | 2 | 0.00 | 0.00 |
| Science - Biology | 0 | 3 | 0 | 1 | 30 | 59 | 77.33 | 1 | 2 | 0.00 | 0.00 |
| Science - Chemistry | 0 | 3 | 1 | 0 | 25 | 44 | 58.00 | 1 | 3 | 0.00 | 0.00 |
| History - American | 0 | 4 | 3 | 1 | 25 | 28 | 61.00 | 0 | 3 | 0.00 | 0.00 |
| Popular Culture | 0 | 2 | 0 | 0 | 20 | 36 | 40.00 | 0 | 1 | 0.00 | 0.00 |
| Literature - American | 0 | 1 | 0 | 0 | 10 | 48 | 48.00 | 1 | 1 | 0.00 | 0.00 |
| Fine Arts - Other | 0 | 1 | 0 | 0 | 10 | 77 | 77.00 | 0 | 1 | 0.00 | 0.00 |
| History - Other | 0 | 1 | 2 | 1 | 0 | 101 | 101.00 | 0 | 0 | 0.00 | 0.00 |
| Literature - World | 0 | 0 | 0 | 0 | 0 | 0.00 | 0 | 0 | 0.00 | 0.00 | |
| Mythology | 0 | 0 | 1 | 0 | -5 | 0.00 | 0 | 0 | 0.00 | 0.00 |